South Eastern Kenya University

Library Online Public Access Catalogue


Dictionary of AIDS related terminology (Record no. 8115)

MARC details
000 -LEADER
fixed length control field 00843cam a2200253 a 4500
001 - CONTROL NUMBER
control field 1088635
003 - CONTROL NUMBER IDENTIFIER
control field OSt
005 - DATE AND TIME OF LATEST TRANSACTION
control field 20150803161626.0
008 - FIXED-LENGTH DATA ELEMENTS--GENERAL INFORMATION
fixed length control field 920914s1993 nyu d 000 0 eng
010 ## - LIBRARY OF CONGRESS CONTROL NUMBER
LC control number 92031265
020 ## - INTERNATIONAL STANDARD BOOK NUMBER
International Standard Book Number 1555701175
040 ## - CATALOGING SOURCE
Original cataloging agency SEKU
042 ## - AUTHENTICATION CODE
Authentication code lcac
050 00 - LIBRARY OF CONGRESS CALL NUMBER
Classification number RC 607 .A2
Item number H8 1993
100 1# - MAIN ENTRY--PERSONAL NAME
Personal name Huber, Jeffrey T.
245 10 - TITLE STATEMENT
Title Dictionary of AIDS related terminology
Statement of responsibility, etc. Jeffrey T. Huber.
260 ## - PUBLICATION, DISTRIBUTION, ETC. (IMPRINT)
Place of publication, distribution, etc. New York :
Name of publisher, distributor, etc. Neal-Schuman,
Date of publication, distribution, etc. c1993.
300 ## - PHYSICAL DESCRIPTION
Extent ix, 165 p. ;
Dimensions 24 cm.
520 ## - SUMMARY, ETC.
Summary, etc. Includes definitions of over 1000 abbreviations and acronyms, historical and medical terms, key names, and sources of information found in discussions of AIDS and HIV.
650 #0 - SUBJECT ADDED ENTRY--TOPICAL TERM
Topical term or geographic name as entry element AIDS (Disease)
General subdivision Dictionaries.
650 #1 - SUBJECT ADDED ENTRY--TOPICAL TERM
Topical term or geographic name as entry element AIDS (Disease)
General subdivision Dictionaries.
740 0# - ADDED ENTRY--UNCONTROLLED RELATED/ANALYTICAL TITLE
Uncontrolled related/analytical title AIDS related terminology.
942 ## - ADDED ENTRY ELEMENTS (KOHA)
Source of classification or shelving scheme Library of Congress Classification
Koha item type General circulation
Holdings
Withdrawn status Lost status Source of classification or shelving scheme Damaged status Not for loan Home library Current library Shelving location Date acquired Source of acquisition Total Checkouts Full call number Barcode Date last seen Price effective from Koha item type Public note
    Library of Congress Classification     Main Campus Library Main Campus Library General Stacks 03/08/2015 Donation-Books for Africa   RC 607 .A2 H8 1993 2015/006463 03/08/2015 03/08/2015 General circulation amk
Kitui, Kenya.
+254736116989
library@seku.ac.ke